000 00182 a2200097 4500
020 _a9780545843430
041 _aeng
100 _aMo Willems
245 _acan I plaay too
942 _cK
999 _c30299
_d30297